000 01059nam0a2200325 4500
001 RU\NLR\BIBL_A\022400979
005 20250121103538.0
010 _a978-5-04-206395-4
_93000
021 _aRU
_bКН-П-24-065289
_9КН-П-24-6515
035 _a(NLR Aleph) 022400979
090 _a13334005
_c13334005
100 _a20241204d2024 u y0rusy50 ca
101 0 _arus
102 _aRU
105 _ay z 000ay
181 0 _ai
_bxxxe
182 0 _an
200 1 _aТьма после рассвета
_e[роман]
_fАлександра Маринина
203 _aТекст
_bвизуальный
_cнепосредственный
210 _aМосква
_cЭксмо
_d2024
215 _a508, [1] с.
_d17
320 _aДругие кн. авт.: с. 2
333 _a16+
686 2 _aШ6(2=Р)8-446
700 1 _aМаринина
_bА. Б.
_f1957-
_gАлександра Борисовна
_3RU\NLR\AUTH\77515
942 _cBOOK
980 _aNB